Los inolvidables: entrevistas /

Obra que reúne las entrevistas que Carlos Landeros, periodista y escritor nacido en Aguascalientes en 1935, realizó a unas sesenta y tres personalidades, a los que agrupa bajo los siguientes apartados: Escritores y periodistas; Pintores y un escultor; Artistas y gentes de toros. Entre los entrevista...

Celý popis

Uloženo v:
Podrobná bibliografie
Hlavní autor: Landeros, Carlos (autor)
Médium: Kniha
Jazyk:španělština
Vydáno: México : Diana, 1999, c1999
Témata:
Tagy: Přidat tag
Žádné tagy, Buďte první, kdo vytvoří štítek k tomuto záznamu!

MARC

LEADER 00000nam^a2200000^a^4500
001 000260868
005 20250521000000.0
009 20260310110452.182
020 |a 968-13-3185-0 
037 |a Acervo Xavier Clavigero 
041 |a ESP 
082 |a 868.  |b LAN 
100 |a Landeros, Carlos  |e (autor) 
245 1 4 |a Los inolvidables:  |b entrevistas /  |c C. Landeros. 
264 4 |a México :  |b Diana,  |c 1999, c1999 
300 |a 529 p. 
336 |a texto  |b txt  |2 rdacontenido 
337 |a sin mediación  |b n  |2 rdamedio 
338 |a volumen  |b nc  |2 rdasoporte 
520 |a Obra que reúne las entrevistas que Carlos Landeros, periodista y escritor nacido en Aguascalientes en 1935, realizó a unas sesenta y tres personalidades, a los que agrupa bajo los siguientes apartados: Escritores y periodistas; Pintores y un escultor; Artistas y gentes de toros. Entre los entrevistados se encuentran Juan Rulfo, Juan José Arreola, Salvador Novo, Gabriel García Márquez, Carlos Monsiváis, Rosario Castellanos, Elena Poniatowska, Juan Soriano, Rufino Tamayo, Francisco Toledo, María Félix, Elizabeth Taylor, Plácido Domingo, entre otros. 
649 |a XX 
650 |a Entrevistas Mexicanas -  |x Tema Principal 
650 |a Literatura Mexicana -  |y Siglo XX 
910 |a Fondo General 
920 |a Impresos - Libros 
930 |a Colección General 
940 |a Literatura 
905 |a 101 
901 |a 069640  |b IT1  |c LIT  |u 20250521 
902 |a https://opac.biblio.iteso.mx/vufind/Record/000260868